01115 a2200169 45000010006000000050017000060080041000230030015000640400040000790800075001192450066001942640036002603000019002965050584003151000025008997000021009242519520260407155535.0260407a1974 arg spa dAR-UNSa-BCEJYS aAR-UNSa-BCEJYSbspacAR-UNSa-BCEJYS a519.24xAplicaciones y modelos estadísticos especiales (Muestreo...)10aMuestreopguía ágil y precisa de estadística práctica 1aBuenos Aires :bAmericanac1974 a188 p.c20 cm. a1. Introducción – 2. Pasos en un muestreo – 3. Errores de muestreo – 4. Algunas aplicaciones de muestreo – 5. Muestreo de datos contables – 6. Encuestas, pronosticadores y ratings de programas – 7. Muestra aleatoria simple – 8. Muestra estratificada – 9. Muestra por conglomerados – 10. Muestra sistemática – 11. Submuestras interpenetrantes replicadas – 12. Otros métodos de muestreo – 13. Procedimientos de estimación – 14. Magnitud de las muestras – 15. Control de calidad – 16. Muestreo de aceptación – 17. Algunos casos de muestreo.1 aSlonim, Morris James1 aMarino, Mario A.